[Event "Berlin Spring op-B"]
[Site "Berlin"]
[Date "2014.05.02"]
[Round "4"]
[White "Post, Hugo"]
[Black "Goehringer, Werner"]
[Result "1/2-1/2"]
[WhiteElo "1400"]
[BlackElo "1657"]
[PlyCount "65"]
[EventDate "2014.05.01"]
[EventType "swiss"]
[EventRounds "7"]
[EventCountry "GER"]
[SourceTitle "CBM 160 Extra"]
[Source "ChessBase"]
[SourceDate "2014.07.01"]
[SourceVersion "1"]
[SourceVersionDate "2014.07.01"]
[SourceQuality "1"]

1. e4 c5 2. Nf3 Nc6 3. d4 cxd4 4. Nxd4 g6 5. Nc3 Bg7 6. Be3 Nf6 7. Bc4 d6 8. Bb3 Ng4 9. Nxc6 bxc6 10. Ba4 Qd7 11. Bf4 0-0 12. f3 Ne5 13. 0-0 Qb7 14. Qc1 Rb8 15. Bb3 Be6 16. Bh6 Nc4 17. Bxg7 Kxg7 18. Qd1 Kg8 19. Qc1 Qb6+ 20. Kh1 Qe3 21. Qxe3 Nxe3 22. Rf2 Nc4 23. Bxc4 Bxc4 24. b3 Be6 25. Rd1 f5 26. e5 Rfd8 27. exd6 Rxd6 28. Re1 Kf7 29. Rfe2 Re8 30. Re5 Bc8 31. Ra5 a6 32. Na4 Red8 33. h4 1/2-1/2

[Event "Berlin Spring op-B"]
[Site "Berlin"]
[Date "2014.05.01"]
[Round "2"]
[White "Pesotskiy, Mikhail"]
[Black "Goehringer, Werner"]
[Result "1-0"]
[WhiteElo "1860"]
[BlackElo "1657"]
[PlyCount "71"]
[EventDate "2014.05.01"]
[EventType "swiss"]
[EventRounds "7"]
[EventCountry "GER"]
[SourceTitle "CBM 160 Extra"]
[Source "ChessBase"]
[SourceDate "2014.07.01"]
[SourceVersion "1"]
[SourceVersionDate "2014.07.01"]
[SourceQuality "1"]

1. c4 e5 2. Nc3 Nf6 3. g3 Bc5 4. Bg2 Nc6 5. e3 0-0 6. Nge2 Re8 7. d3 a6 8. 0-0 d6 9. d4 Ba7 10. b3 Bd7 11. Bb2 Rb8 12. dxe5 Nxe5 13. Nd5 Nxd5 14. cxd5 Bb5 15. a4 Bd7 16. Nd4 c5 17. dxc6 bxc6 18. Qc2 c5 19. Nf3 Qe7 20. Nxe5 dxe5 21. Qc3 f6 22. Bd5+ Be6 23. Bc4 Rbd8 24. Ba3 Kh8 25. Rfd1 Bxc4 26. Qxc4 a5 27. Rxd8 Rxd8 28. Rc1 Rc8 29. Qb5 h5 30. Qxa5 Rb8 31. Bxc5 Bxc5 32. Rxc5 Rxb3 33. Qa8+ Kh7 34. Qe4+ g6 35. Rb5 Qe6 36. Rb7+ 1-0